Statistics for States without College Football Teams in the Power 5

Click here to take the quiz!

General Stats

  • This quiz has been taken 408 times
  • The average score is 12 of 15

Answer Stats

State% Correct
Maine
93%
North Dakota
90%
South Dakota
90%
Idaho
88%
Vermont
87%
Montana
86%
New Hampshire
84%
Alaska
83%
New Mexico
81%
Wyoming
81%
Delaware
80%
Rhode Island
80%
Hawaii
77%
Connecticut
69%
Nevada
69%

Score Distribution

Percentile by Number Answered

Percent of People with Each Score

Your Score History

You have not taken this quiz